Công nghệ thông tin dành cho các nhà lãnh đạo và quản lý

Kaydedildi:
Detaylı Bibliyografya
Yazar: Ngô Trung Việt
Materyal Türü: Kitap
Dil:Vietnamese
Baskı/Yayın Bilgisi: TKE 2005
Etiketler: Etiketle
Etiket eklenmemiş, İlk siz ekleyin!
Thư viện lưu trữ: Mạng thư viện Đại học Đà Nẵng
LEADER 00657nam a2200277 4500
001 000026085
003 1619
005 20150325120000.0
008 150325s vm 000 vie
020 |c 0,0000 
040 |a NOTTS 
100 |a Ngô Trung Việt 
245 |a Công nghệ thông tin dành cho các nhà lãnh đạo và quản lý 
260 |b TKE  |c 2005 
300 |a 347tr. ; 
OWN |a LTT 
999 |a From the UDN01 
TYP |a Monograph 
TYP |a Printed language 
980 |a Mạng thư viện Đại học Đà Nẵng